International Monetary Fund Annual Report 1957.

This paper reviews key findings of the IMF's Annual Report for the fiscal year ended April 30, 1957. The report highlights that boom conditions continued throughout 1956, sustained by an undercurrent of private business investment sufficiently strong to compensate for such weaknesses as appeare...

Fuld beskrivelse

Bibliografiske detaljer
Institution som forfatter: International Monetary Fund
Format: Tidsskrift
Sprog:English
Udgivet: Washington, D.C. : International Monetary Fund, 1957.
Serier:Annual Report of the Executive Board; Annual Report of the Executive Board ; No. 1957/001
Online adgang:Full text available on IMF
LEADER 01581cas a2200229 a 4500
001 AALejournalIMF011118
008 230101c9999 xx r poo 0 0eng d
020 |z 9781616351694 
022 |a 2227-8915 
040 |a BD-DhAAL  |c BD-DhAAL 
110 2 |a International Monetary Fund. 
245 1 0 |a International Monetary Fund Annual Report 1957. 
264 1 |a Washington, D.C. :  |b International Monetary Fund,  |c 1957. 
300 |a 1 online resource (224 pages) 
490 1 |a Annual Report of the Executive Board 
500 |a <strong>Off-Campus Access:</strong> No User ID or Password Required 
500 |a <strong>On-Campus Access:</strong> No User ID or Password Required 
506 |a Electronic access restricted to authorized BRAC University faculty, staff and students 
520 3 |a This paper reviews key findings of the IMF's Annual Report for the fiscal year ended April 30, 1957. The report highlights that boom conditions continued throughout 1956, sustained by an undercurrent of private business investment sufficiently strong to compensate for such weaknesses as appeared in some individual sectors. Any apprehensions, which might have been entertained in the early months of the year that the upward trend of business was soon to be reversed, were thus shown to be without foundation. 
538 |a Mode of access: Internet 
830 0 |a Annual Report of the Executive Board; Annual Report of the Executive Board ;  |v No. 1957/001 
856 4 0 |z Full text available on IMF  |u http://elibrary.imf.org/view/books/011/11901-9781616351694-en/11901-9781616351694-en-book.xml  |z IMF e-Library